000 00727nam a2200229 i 4500
001 6884
003 ES-MaACL
005 20230906145121.0
007 t|
008 900710s1986 sp |||| | spa d
020 _a84-345-8396-8
080 _a004:316.422
100 1 _aShallis, Michael.
_9105998
245 1 3 _aEl ídolo de silicio
_b: la "revolución" de la informática y sus inplicaciones sociales /
_cMichael Shallis.
260 _aBarcelona :
_bSalvat,
_c[1986]
300 _a234 p. ;
_c19 cm.
490 1 _aBiblioteca científica Salvat ;
_v29
650 1 4 _aInformática-
_xAspectos sociales.
_913759
830 0 _aBiblioteca científica Salvat ;
_v29
_9177703
852 _aES-MaACL
_jL-14116
999 _c6884
_d6884